000 00608nab a2200193 4500
999 _c371455
_d371455
001 239499
003 OSt
005 20220223131714.0
007 tu
008 180529s2018|||||||
040 _aDE-2950
_cDE-2950
245 0 5 _aDie Große Scharrnstraße wird aus dem Dornröschenschlaf geweckt.
_b[2 Projekte werden vorgestellt:] Um Kunst eine Platte machen. Kukuryku! /
_cAnja Millow und Lukas Lindemann
264 _c2021
653 _aFrankfurt (Oder)
653 _aGroße Scharrnstraße
653 _aKunstprojekte
773 0 _g22/ 2. Halbjahr 2021, S. 27-29: Fotos
_tWir im Quartier
942 _2z
_cA